02370cam a2200313 i 4500999001700000001000900017003000900026005001700035008004100052020003000093040003300123082002200156100004000178245019000218250001900408264010700427300005800534336002600592337002800618338002700646500002000673520105600693650003301749653002401782655002401806906004501830942001201875952016901887 c28133d2810420345032EG-ScBUE20200218102523.0180205s2018 ii a f 001 0 eng d a9789352700974 (paperback) aDLCbengerdacDLCdEG-ScBUE04a616.9041bAHL2221 aAhluwalia, Jyotica,eauthor.93905810aMedical microbiology :bmade easy /cJyotica Ahluwalia, MBBS MD, reader and head, Department of Microbiology, JKK Nattraja Dental College and Hospital, Komarapalayam, Tamil Nadu, India. aFirst edition. 1aNew Delhi, India :bJaypee Brothers Medical Publishers (P) Ltd :bThe Health Science Publisher,c2018. axvi, 431 pages :billustrations (some color) ;c18 cm atextbtxt2rdacontent aunmediatedbn2rdamedia avolumebnc2rdacarrier aIncludes index. aMedical microbiology is a branch of medical science concerned with the prevention, diagnosis and treatment of infectious diseases. This book is a comprehensive guide to microbiology for undergraduate and postgraduate students. Beginning with an overview of bacteriology, the text goes on to explain biofilms (one or more types of microorganism that can grow on many different surfaces including bacteria, fungi and protists), and hospital waste management. The following sections cover advances in diagnostic techniques, then explore the subspecialties of microbiology - immunology, pathogenic bacteriology, parasitology, virology, and mycology. Each chapter is presented in a text and bullet point format to emphasise the key points. Self-assessment questions conclude each topic to assist revision. Key points. Comprehensive guide to microbiology for students. In depth discussion on subspecialties such as immunology, parasitology and virology. Includes self-assessment questions to assist revision. Further enhanced by clinical images and figures. 7aMedical microbiology.2BUEsh bPPhrmcFebruary2020 vReading book934232 a7bcbccorigresd2encipf20gy-gencatlg 2ddccBB 00102ddc40708Academic Science HouseaMAINbMAINc1STd2020-02-18ePurchaseg580.00h993l0o616.9041 AHLp000048739r2025-07-15 00:00:00v725.00w2020-02-18yBB